| 000 | 01125nam a2200325 i 4500 | ||
|---|---|---|---|
| 001 | 000042072 | ||
| 003 | DO-SdBNP | ||
| 005 | 20250127135606.0 | ||
| 007 | ta | ||
| 008 | 131112s2011 dr 001 p spa d | ||
| 020 | _a9789945404456 | ||
| 040 |
_aDO-SdBNP _bspa _cBNPHU _erda |
||
| 041 | _aspa | ||
| 082 | 4 |
_aRD861.44 _bC117per _222 |
|
| 100 | 1 |
_aCabral, Manuel del, _d1907-1999 _eautor _4aut. _923556 |
|
| 245 | 1 | 0 |
_aPermanencia inmaterial : _bobra poética completa / _cManuel del Cabral ; introito, José Rafael Lantigua. |
| 246 | 1 | 3 | _aObra poética completa |
| 264 | 4 |
_aSanto Domingo : _bEditora Nacional, _c©2011. |
|
| 300 |
_a788 páginas ; _c24 cm. |
||
| 336 |
_atexto _btxt _2rdacontent |
||
| 337 |
_asin mediación _bn _2rdamedia |
||
| 338 |
_avolumen _bnc _2rdacarrier |
||
| 500 | _aIncluye datos biográficos del autor en la solapa de la cubierta. | ||
| 590 | _aInventariado, 2018/VM | ||
| 650 | 4 |
_aPoesía dominicana _966 |
|
| 650 | 4 |
_aLiteratura dominicana. _967 |
|
| 700 | 1 |
_aLantigua, José Rafael, _d1949- _eprologuista _4pr. _91438 |
|
| 910 | _aValidado. Control de calidad EMS. | ||
| 942 |
_2ddc _cLBS1 |
||
| 999 |
_c41561 _d41561 |
||